The plant that refused to die (Record no. 76762)

MARC details
000 -LEADER
fixed length control field 01041cab a2200193 4500
001 - CONTROL NUMBER
control field ##L133041
008 - FIXED-LENGTH DATA ELEMENTS--GENERAL INFORMATION
fixed length control field 060405n2006 000 0 eng u
035 ## - SYSTEM CONTROL NUMBER
System control number (Sirsi) u133041
041 0# - LANGUAGE CODE
Language code of text/sound track or separate title eng
100 1# - MAIN ENTRY--PERSONAL NAME
Personal name Branson, Adam
245 04 - TITLE STATEMENT
Title The plant that refused to die
260 ## - PUBLICATION, DISTRIBUTION, ETC.
Date of publication, distribution, etc. 2006
490 ## - SERIES STATEMENT
Series statement Regeneration and Renewal
Volume/sequential designation 31 March 2006, 20-21(2)
520 ## - SUMMARY, ETC.
Summary, etc. Focuses on the pervasive problem of Japanese knotweed for regeneration companies dealing with brownfield remediation. Japanese knotweed is now found in all areas of the UK except for the Orkney Islands. Not only does it overrun indigenous plants but it can push through concrete and undermine building foundations. Looks at the currently available methods of eradication and the very high costs involved. Describes research into biocontrol and industrial composting as potential eradication strategies, giving hope to a solution in the near future.
590 ## - LOCAL NOTE (RLIN)
Local note IKA110406
650 24 - SUBJECT ADDED ENTRY--TOPICAL TERM
Topical term or geographic name entry element JAPANESE KNOTWEED
690 ## - LOCAL SUBJECT ADDED ENTRY--TOPICAL TERM (OCLC, RLIN)
Topical term or geographic name as entry element BUILT ENVIRONMENT-BUILDING PATHOLOGY
942 ## - ADDED ENTRY ELEMENTS (KOHA)
Suppress in OPAC 0
Holdings
Withdrawn status Lost status Source of classification or shelving scheme Damaged status Not for loan Home library Current library Shelving location Date acquired Total Checkouts Full call number Barcode Date last seen Copy number Price effective from Koha item type
    Dewey Decimal Classification     London London Journal article 05/04/2006   L133041 133041-1001 06/08/2019 1 06/08/2019 Journal article